000
00209 a2200097 4500
001
21498
100
_a
Preece, Warren E
245
_a
Encyclopedia of Britannia
260
_a
_b
Benton
_c
090
_c
15125
_d
15125
942
_a
NUST-CAE
_c
M
_c
5698
999
_c
256571
_d
256571